| 000 | 01061nam a22002177a 4500 | ||
|---|---|---|---|
| 999 |
_c63092 _d63092 |
||
| 003 | Ge_BSU | ||
| 005 | 20250602104752.0 | ||
| 008 | 250602s2024 ge ||||| |||| 00| 0 geo d | ||
| 020 | _a9789941865947 | ||
| 041 | _ageo | ||
| 080 | _a321.7 : 141.82 : 321.152 ბ-51 | ||
| 100 |
_aბერდიაევი, ნიკოლაი _913948 |
||
| 245 |
_aდემოკრატია, სოციალიზმი და თეოკრატია; ყოფიერება, თავისუფლება, ღმერთი / _cნიკოლაი ბერდიაევი; მთარგმნელი დიმიტრი უჩაბეიშვილი. |
||
| 264 |
_aთბილისი : _bაქტი, _c2024. |
||
| 300 |
_a90 გვ. ; _b17 სმ. |
||
| 653 | _aდემოკრატია | ||
| 653 | _aსოციალიზმი | ||
| 653 | _aთეოკრატია | ||
| 700 |
_aუჩანეიშვილი, დიმიტრი _eმთარგმნელი _913895 |
||
| 942 |
_2udc _cᲬᲘᲒᲜᲘ |
||